| 000 | 00000nam##2200000za#4500 |
| 001 | 9.542148 |
| 003 | CaOODSP |
| 005 | 20210615090123 |
| 007 | ta |
| 008 | 150406|2005||||xxc||||| f|0| 0 eng|d |
| 020 | |a0-662-69252-7 |
| 040 | |aCaOODSP|beng |
| 041 | |aeng |
| 041 | |afre |
| 043 | |an-cn--- |
| 086 | 1 |aPS3-1/2005-4 |
| 110 | 1 |aCanada. |bPublic Safety and Emergency Preparedness Canada. |
| 245 | 10|aPresentence reports in Canada / |c[by] James Bonta ... [et al.] |
| 260 | |bPublic Safety and Emergency Preparedness Canada |c2005. |
| 300 | |aii, 31p. : |breferences, tables ; |c28 cm. |
| 490 | 1 |aCorrections research, user report|v2005-03 |
| 520 | 3 |aThis is part of a series of criminology research papers targeting the justice policy and corrections communities. Papers cover such topics as recidivism rates among sexual offenders, methods of risk assessment for predicting re-offending, how to calculate prison sentences, and trends in public opinion on the administration of justice. Papers include methodology sections and references. |
| 563 | |aSpiral binding |
| 590 | |a05-40|b2005-10-07 |
| 690 | 07|aCourt decisions|2gcpds |
| 720 | 1 |aBonta, James |
| 776 | 0#|tPresentence reports in Canada / |w(CaOODSP)9.559665 |
| 776 | 0#|tLes rapports présentenciels au Canada / |w(CaOODSP)9.592398 |
| 792 | |tLes rapports présentenciels au Canada / |efre|w(CaOODSP)9.542149 |
| 830 | #0|aCorrections research, user report ;|v2005-03|w(CaOODSP)9.510972 |